000 00824nam a2200289 a 4500
001 45972
003 BD-RjUL
005 20211209054106.0
008 160730m19961970enka 001 0 eng d
020 _a: 0415314542
035 _a(BD-RjUL)46090
040 _aBD-RjUL
_beng
_cBD-RjUL
041 _aeng
082 _223
_a302.222
_bDON 1996
100 1 _aDouglas, Mary
_d1921-2007.
_9140572
245 1 0 _aNatural symbols :
_bExplorations in Cosmology /
_cMary Douglas
250 _a2nd ed
260 _aLondon :
_bRoutledge,
_c1970, 1996
300 _axxxix, 196 p. ;
_c23 cm.
500 _aindex.
650 0 _aHuman body
_xReligious aspects.
_9140573
650 0 _aHuman body
_xMythology.
_9140574
650 0 _aSymbolism.
_9140575
650 0 _aRitual.
_9140576
650 0 _aAnthropology.
_9140577
942 _2ddc
_cBK
999 _c45972
_d45972